000 00674nam a2200193 a 4500
001 000022189
005 20240411201133.0
008 100917s1963 ve r 001 0 spa d
040 _aDO-SdBNP
_bspa
_cBNPHU
082 _a345
_bM636d
100 1 _aMiguel Pérez, Isidro de
_945908
245 1 0 _aDerecho penal :
_bprincipios generales /
_cIsidro de Miguel Pérez.
260 _aCaracas :
_bUniversidad Central de Venezuela, Facultad de Derecho,
_c1963.
300 _a496 p. ;
_c23 cm.
500 _aIncluye índice analítico.
504 _aIncluye referencias bibliográficas y notas al pie de las páginas.
650 0 _aDerecho penal
_917405
999 _a1
_n0000115
_c21687
_d21687
049 _aBNGR